Eminem Songs - Sudden Death (Hard Edition) - Statistics

General Stats
  • This quiz has been taken 228 times
    81 since last reset
  • The average score is 8 of 16
Answers on the Grid
Answers color-coded by a green-red scale on the quiz's grid according to % correct below.
Amityville
Take It Well
Still Won't Budge
Takedown
B**ch Please II
Don't Wanna F**k Around
Still Don't Give A F**k
My Fault
Vanilla Gorilla
Thoughts
In My Feelings
Too Much, Just Look Away
Drug Ballad
My Dad's Gone Crazy
Hailie Jade
White America
Foenem
My Mom
Bagpipes From Baghdad
The Birth of Slim Shady
Hands
Say Goodbye Hollywood
Bump Heads
Nickel Twister
Gandalf
Rabbit Hat
Kill Marshall?
Realest
Superman
Hello?
Brain Damage
Can't Hear You
Too Bad So Sad
Stimulate
The Hole
In It
Till The End
Want It With Me
Nail In The Coffin
Cleanin' Out My Room
 
Answer Stats
Answer % Correct
B**ch Please II
68%
Still Don't Give A F**k
68%
White America
68%
Amityville
65%
My Dad's Gone Crazy
65%
Drug Ballad
63%
Superman
55%
Brain Damage
50%
My Mom
50%
Bagpipes From Baghdad
48%
Say Goodbye Hollywood
48%
My Fault
40%
Bump Heads
28%
Nail In The Coffin
20%
Stimulate
18%
Realest
13%
No matching quizzes found
Score Distribution
Percent of People with Each Score
Percentile by Number Answered
Your Score History
You have not taken this quiz since the last reset